[Event "80th ARM-ch 1st League 2019"]
[Site "Yerevan"]
[Date "2019.08.22"]
[Round "5.5"]
[White "Torosyan, Norayr"]
[Black "Davtyan, Artur"]
[Result "1-0"]
[WhiteElo "2365"]
[BlackElo "2440"]
[Annotator "NA"]
[PlyCount "51"]
[EventDate "2019.08.18"]
[EventType "tourn"]
[EventCountry "ARM"]
[SourceTitle "playchess.com"]
[Source "ChessBase"]
[SourceQuality "1"]
[TimeControl "40/5400+30:1800+30"]

1. e4 {[%emt 0:00:00]} e5 {[%emt 0:05:00]} 2. Nf3 {[%emt 0:00:00]} Nc6 {[%emt 0:00:09]} 3. d4 {[%emt 0:00:01]} exd4 {[%emt 0:00:17]} 4. Nxd4 {[%emt 0:00:05]} Bc5 {[%emt 0:00:03]} 5. Nb3 {[%emt 0:00:09]} Bb6 {[%emt 0:00:06]} 6. Nc3 {[%emt 0:00:05]} Nf6 {[%emt 0:00:40]} 7. Qe2 {[%emt 0:00:29]} O-O {[%emt 0:00:56]} 8. Bg5 {[%emt 0:00:05]} Nd4 {[%emt 0:00:07]} 9. Qd2 {[%emt 0:00:14]} Nxb3 {[%emt 0:03:13]} 10. axb3 {[%emt 0:00:09]} Re8 {[%emt 0:04:10]} 11. f3 {[%emt 0:00:58]} h6 {[%emt 0:00:21]} 12. Bf4 {[%emt 0:06:29]} d5 {[%emt 0:28:36]} 13. O-O-O {[%emt 0:00:33]} d4 {[%emt 0:00:52]} 14. g4 {[%emt 0:17:52]} Bxg4 {[%emt 0:13:58]} 15. Qg2 {[%emt 0:04:26]} Bh5 {[%emt 0:12:29]} 16. Bxh6 {[%emt 0:03:14]} Bg6 {[%emt 0:00:37]} 17. Bc4 {[%emt 0:05:52]} Kf8 {[%emt 0:00:29]} 18. Bxf7 {[%emt 0:15:48]} Kxf7 {[%emt 0:00:04]} 19. Rhg1 {[%emt 0:00:04]} gxh6 {[%emt 0:00:12]} 20. Qxg6+ {[%emt 0:00:05]} Ke6 {[%emt 0:03:39]} 21. Qf5+ {[%emt 0:04:54]} Kf7 {[%emt 0:03:14]} 22. Nd5 {[%emt 0:03:37]} Re6 {[%emt 0:05:23]} 23. Qg6+ {[%emt 0:00:41]} Kf8 {[%emt 0:00:00]} 24. Qxh6+ {[%emt 0:01:51]} Ke8 {[%emt 0:00:10]} 25. Rg8+ {[%emt 0:00:10]} Nxg8 {[%emt 0:01:07]} 26. Qxe6+ {[%emt 0:00:04]} 1-0

[Event "80th ARM-ch 1st League 2019"]
[Site "Yerevan"]
[Date "2019.08.22"]
[Round "5.6"]
[White "Baghdasaryan, Vahe"]
[Black "Shahinyan, David"]
[Result "1-0"]
[WhiteElo "2373"]
[BlackElo "2452"]
[Annotator "ChessBase"]
[PlyCount "59"]
[EventDate "2019.08.18"]
[EventType "tourn"]
[EventCountry "ARM"]
[SourceTitle "playchess.com"]
[Source "ChessBase"]
[SourceQuality "1"]
[TimeControl "40/5400+30:1800+30"]

1. e4 {[%emt 0:00:05]} e6 {[%emt 0:00:01]} 2. d4 {[%emt 0:00:18]} d5 {[%emt 0:00:06]} 3. Nc3 {[%emt 0:00:06]} Nf6 {[%emt 0:01:07]} 4. Bg5 {[%emt 0:00:26]} Bb4 {[%emt 0:00:31]} 5. e5 {[%emt 0:04:09]} h6 {[%emt 0:00:14]} 6. exf6 {[%emt 0:00:56]} hxg5 {[%emt 0:00:13]} 7. fxg7 {[%emt 0:00:05]} Rg8 {[%emt 0:00:10]} 8. h4 {[%emt 0:00:53]} gxh4 {[%emt 0:01:52]} 9. Nf3 {[%emt 0:00:40]} Qf6 {[%emt 0:01:27]} 10. Qd2 {[%emt 0:07:30]} Qxg7 {[%emt 0:03:19]} 11. Rxh4 {[%emt 0:04:11]} Nd7 {[%emt 0:03:00]} 12. a3 {[%emt 0:09:40]} Be7 {[%emt 0:05:47]} 13. Nb5 {[%emt 0:07:37]} Kd8 {[%emt 0:23:30]} 14. Qf4 {[%emt 0:07:49]} e5 {[%emt 0:14:27]} 15. dxe5 {[%emt 0:04:12]} Bxh4 {[%emt 0:00:33]} 16. Qxh4+ {[%emt 0:00:13]} f6 {[%emt 0:00:04]} 17. O-O-O {[%emt 0:05:25]} Qh8 {[%emt 0:12:54]} 18. Qb4 {[%emt 0:11:25]} Qh6+ {[%emt 0:09:41]} 19. Kb1 {[%emt 0:00:30]} Qf8 {[%emt 0:00:10]} 20. Qc3 {[%emt 0:14:05]} c6 {[%emt 0:04:42]} 21. Nbd4 {[%emt 0:00:38]} Qe8 {[%emt 0:05:22]} 22. e6 {[%emt 0:05:09]} Ne5 {[%emt 0:00:01]} 23. Re1 {[%emt 0:00:32]} Ng6 {[%emt 0:06:13]} 24. Nf5 {[%emt 0:00:26]} Kc7 {[%emt 0:01:51]} 25. Qxf6 {[%emt 0:03:44]} a5 {[%emt 0:02:45]} 26. Bd3 {[%emt 0:00:38]} Nf8 {[%emt 0:01:18]} 27. Ng7 {[%emt 0:02:41]} Rxg7 {[%emt 0:00:26]} 28. Qxg7+ {[%emt 0:00:05]} Kb6 {[%emt 0:00:00]} 29. e7 {[%emt 0:00:48]} Ne6 {[%emt 0:00:02]} 30. Qf6 {[%emt 0:00:21]} 1-0

[Event "80th ARM-ch 1st League 2019"]
[Site "Yerevan"]
[Date "2019.08.22"]
[Round "5.7"]
[White "Gevorgyan, Albert"]
[Black "Harutyunian, Tigran K."]
[Result "0-1"]
[WhiteElo "2175"]
[BlackElo "2555"]
[Annotator "ChessBase"]
[PlyCount "66"]
[EventDate "2019.08.18"]
[EventType "tourn"]
[EventCountry "ARM"]
[SourceTitle "playchess.com"]
[Source "ChessBase"]
[SourceQuality "1"]
[TimeControl "40/5400+30:1800+30"]

1. Nf3 {[%emt 0:00:00]} Nf6 {[%emt 0:00:00]} 2. c4 {[%emt 0:00:08]} g6 {[%emt 0:00:26]} 3. Nc3 {[%emt 0:00:40]} Bg7 {[%emt 0:00:12]} 4. e4 {[%emt 0:00:39]} e5 {[%emt 0:00:17]} 5. d4 {[%emt 0:12:15]} exd4 {[%emt 0:00:36]} 6. Nxd4 {[%emt 0:00:08]} O-O {[%emt 0:00:16]} 7. Be2 {[%emt 0:01:17]} Re8 {[%emt 0:01:22]} 8. f3 {[%emt 0:00:48]} c6 {[%emt 0:01:15]} 9. Nb3 {[%emt 0:29:51]} a5 {[%emt 0:04:27]} 10. a4 {[%emt 0:04:45]} d5 {[%emt 0:15:40]} 11. exd5 {[%emt 0:01:34]} cxd5 {[%emt 0:00:44]} 12. O-O {[%emt 0:01:27]} d4 {[%emt 0:11:37]} 13. Nxd4 {[%emt 0:19:24]} Qb6 {[%emt 0:02:00]} 14. Kh1 {[%emt 0:02:54]} Nc6 {[%emt 0:02:48]} 15. Ndb5 {[%emt 0:02:49]} Bf5 {[%emt 0:01:35]} 16. Bf4 {[%emt 0:03:08]} Rad8 {[%emt 0:03:51]} 17. Bd6 {[%emt 0:09:06]} Qe3 {[%emt 0:02:41]} 18. c5 {[%emt 0:02:50]} b6 {[%emt 0:04:30]} 19. Nc7 {[%emt 0:01:48]} bxc5 {[%emt 0:01:00]} 20. Bb5 {[%emt 0:00:15]} Re6 {[%emt 0:03:45]} 21. Bxc5 {[%emt 0:02:21]} Qxc5 {[%emt 0:01:50]} 22. Nxe6 {[%emt 0:00:14]} Bxe6 {[%emt 0:00:12]} 23. Qe2 {[%emt 0:00:57]} Bb3 {[%emt 0:06:50]} 24. Rac1 {[%emt 0:01:01]} Nd4 {[%emt 0:00:20]} 25. Qe3 {[%emt 0:00:18]} Qb4 {[%emt 0:00:27]} 26. Qf4 {[%emt 0:01:32]} Nxb5 {[%emt 0:00:40]} 27. Qxb4 {[%emt 0:00:11]} axb4 {[%emt 0:00:06]} 28. Nxb5 {[%emt 0:00:06]} Bxa4 {[%emt 0:00:09]} 29. Nc7 {[%emt 0:00:28]} Ne8 {[%emt 0:01:13]} 30. Nxe8 {[%emt 0:01:02]} Rxe8 {[%emt 0:00:08]} 31. b3 {[%emt 0:00:57]} Bxb3 {[%emt 0:00:12]} 32. Rb1 {[%emt 0:00:04]} Bc4 {[%emt 0:00:37]} 33. Rfc1 {[%emt 0:00:05]} Bc3 {[%emt 0:00:06]} 0-1

[Event "80th ARM-ch 1st League 2019"]
[Site "Yerevan"]
[Date "2019.08.23"]
[Round "6.1"]
[White "Shahinyan, David"]
[Black "Khojayan, Vardan"]
[Result "0-1"]
[WhiteElo "2452"]
[BlackElo "2236"]
[Annotator "ChessBase"]
[PlyCount "146"]
[EventDate "2019.08.18"]
[EventType "tourn"]
[EventCountry "ARM"]
[SourceTitle "playchess.com"]
[Source "ChessBase"]
[SourceQuality "1"]
[TimeControl "40/5400+30:1800+30"]

1. e4 {[%emt 0:00:00]} c5 {[%emt 0:01:59]} 2. d3 {[%emt 0:00:00]} Nc6 {[%emt 0:00:21]} 3. g3 {[%emt 0:00:12]} d5 {[%emt 0:06:02]} 4. Nd2 {[%emt 0:00:46]} Nf6 {[%emt 0:02:09]} 5. Bg2 {[%emt 0:00:11]} dxe4 {[%emt 0:05:23]} 6. dxe4 {[%emt 0:00:24]} g6 {[%emt 0:01:36]} 7. Ngf3 {[%emt 0:00:45]} Bg7 {[%emt 0:00:23]} 8. O-O {[%emt 0:00:23]} O-O {[%emt 0:00:35]} 9. c3 {[%emt 0:01:34]} h6 {[%emt 0:08:23]} 10. Qe2 {[%emt 0:02:35]} Be6 {[%emt 0:11:24]} 11. Nc4 {[%emt 0:02:40]} Qc8 {[%emt 0:03:40]} 12. Rd1 {[%emt 0:03:03]} Bh3 {[%emt 0:04:22]} 13. Bh1 {[%emt 0:08:34]} Qe6 {[%emt 0:00:43]} 14. Ne1 {[%emt 0:06:03]} Rfd8 {[%emt 0:08:07]} 15. Ne3 {[%emt 0:07:02]} Rxd1 {[%emt 0:03:52]} 16. Nxd1 {[%emt 0:01:35]} Rd8 {[%emt 0:06:20]} 17. f3 {[%emt 0:00:14]} Qc8 {[%emt 0:06:19]} 18. Nf2 {[%emt 0:02:04]} Be6 {[%emt 0:00:11]} 19. Be3 {[%emt 0:04:21]} Ne5 {[%emt 0:02:46]} 20. Rd1 {[%emt 0:00:53]} Rxd1 {[%emt 0:04:30]} 21. Qxd1 {[%emt 0:00:23]} b6 {[%emt 0:03:18]} 22. b3 {[%emt 0:03:04]} Kh7 {[%emt 0:00:48]} 23. Bg2 {[%emt 0:00:13]} Qa6 {[%emt 0:00:44]} 24. Qc2 {[%emt 0:05:03]} c4 {[%emt 0:04:22]} 25. b4 {[%emt 0:05:53]} Nd3 {[%emt 0:02:20]} 26. Bd2 {[%emt 0:00:27]} Ne8 {[%emt 0:01:38]} 27. f4 {[%emt 0:03:47]} Nxf2 {[%emt 0:01:50]} 28. Kxf2 {[%emt 0:00:01]} Qa3 {[%emt 0:00:37]} 29. Nf3 {[%emt 0:04:43]} Bd7 {[%emt 0:01:20]} 30. Nd4 {[%emt 0:03:22]} Ba4 {[%emt 0:03:30]} 31. Qb1 {[%emt 0:01:59]} Bxd4+ {[%emt 0:00:37]} 32. cxd4 {[%emt 0:00:03]} Nd6 {[%emt 0:00:13]} 33. Bf1 {[%emt 0:21:45]} c3 {[%emt 0:00:51]} 34. Bc1 {[%emt 0:00:07]} Nxe4+ {[%emt 0:02:01]} 35. Kg2 {[%emt 0:02:56]} c2 {[%emt 0:02:52]} 36. Qxc2 {[%emt 0:00:01]} Qxg3+ {[%emt 0:00:19]} 37. hxg3 {[%emt 0:00:03]} Bxc2 {[%emt 0:00:03]} 38. Kf3 {[%emt 0:02:05]} Nd6 {[%emt 0:00:27]} 39. Bb2 {[%emt 0:02:01]} Be4+ {[%emt 0:00:19]} 40. Ke3 {[%emt 0:00:00]} Bd5 {[%emt 0:00:00]} 41. a4 {[%emt 0:00:21]} h5 {[%emt 0:03:25]} 42. Bd3 {[%emt 0:01:58]} Kg7 {[%emt 0:01:35]} 43. Bc3 {[%emt 0:01:12]} Kf6 {[%emt 0:00:31]} 44. b5 {[%emt 0:02:12]} Ke6 {[%emt 0:00:42]} 45. Bb4 {[%emt 0:00:12]} Ne8 {[%emt 0:00:37]} 46. Bf1 {[%emt 0:00:19]} Nc7 {[%emt 0:01:26]} 47. Bh3+ {[%emt 0:00:29]} f5 {[%emt 0:00:46]} 48. Kd2 {[%emt 0:03:14]} Bb3 {[%emt 0:01:33]} 49. a5 {[%emt 0:00:01]} Nxb5 {[%emt 0:01:07]} 50. axb6 {[%emt 0:00:46]} axb6 {[%emt 0:00:03]} 51. Bf1 {[%emt 0:00:25]} Nc7 {[%emt 0:00:59]} 52. Bg2 {[%emt 0:00:22]} Bd5 {[%emt 0:00:53]} 53. Bf1 {[%emt 0:00:02]} Ne8 {[%emt 0:02:36]} 54. Ba6 {[%emt 0:04:30]} Nf6 {[%emt 0:00:30]} 55. Bc8+ {[%emt 0:00:26]} Kf7 {[%emt 0:00:01]} 56. Kc2 {[%emt 0:00:19]} Ne4 {[%emt 0:00:37]} 57. Be1 {[%emt 0:00:00]} Ke8 {[%emt 0:02:11]} 58. Ba6 {[%emt 0:00:08]} Kd7 {[%emt 0:00:18]} 59. Bd3 {[%emt 0:00:32]} Kc6 {[%emt 0:00:33]} 60. Bxe4 {[%emt 0:09:10]} fxe4 {[%emt 0:00:40]} 61. Bb4 {[%emt 0:00:01]} Bc4 {[%emt 0:01:18]} 62. Kd2 {[%emt 0:11:30]} e6 {[%emt 0:00:27]} 63. Ke3 {[%emt 0:05:04]} Bd3 {[%emt 0:00:55]} 64. Be7 {[%emt 0:01:14]} Kd5 {[%emt 0:00:17]} 65. Bf8 {[%emt 0:00:46]} Kc4 {[%emt 0:00:08]} 66. Bg7 {[%emt 0:00:44]} b5 {[%emt 0:00:17]} 67. Kd2 {[%emt 0:00:05]} Bb1 {[%emt 0:01:18]} 68. Bf6 {[%emt 0:01:01]} b4 {[%emt 0:00:32]} 69. Bg7 {[%emt 0:02:37]} Kb3 {[%emt 0:01:02]} 70. Bf8 {[%emt 0:00:24]} e3+ {[%emt 0:02:20]} 71. Kxe3 {[%emt 0:00:19]} Kc3 {[%emt 0:00:04]} 72. Bg7 {[%emt 0:00:08]} Kc2 {[%emt 0:00:32]} 73. Ke4 {[%emt 0:00:20]} b3 {[%emt 0:01:32]} 0-1

[Event "80th ARM-ch 1st League 2019"]
[Site "Yerevan"]
[Date "2019.08.23"]
[Round "6.2"]
[White "Chaqryan, Erik"]
[Black "Mikaelyan, Arman"]
[Result "0-1"]
[WhiteElo "2105"]
[BlackElo "2454"]
[Annotator "ChessBase"]
[PlyCount "76"]
[EventDate "2019.08.18"]
[EventType "tourn"]
[EventCountry "ARM"]
[SourceTitle "playchess.com"]
[Source "ChessBase"]
[SourceQuality "1"]
[TimeControl "40/5400+30:1800+30"]

1. e4 {[%emt 0:07:18]} c5 {[%emt 0:01:04]} 2. Nf3 {[%emt 0:00:44]} Nc6 {[%emt 0:01:34]} 3. d3 {[%emt 0:04:38]} g6 {[%emt 0:00:37]} 4. g3 {[%emt 0:00:17]} Bg7 {[%emt 0:00:07]} 5. Bg2 {[%emt 0:00:09]} e6 {[%emt 0:00:46]} 6. O-O {[%emt 0:00:10]} Nge7 {[%emt 0:00:08]} 7. Nbd2 {[%emt 0:02:40]} O-O {[%emt 0:00:36]} 8. Re1 {[%emt 0:01:40]} d5 {[%emt 0:01:05]} 9. e5 {[%emt 0:03:45]} Qc7 {[%emt 0:01:06]} 10. Qe2 {[%emt 0:00:31]} b5 {[%emt 0:03:25]} 11. Nf1 {[%emt 0:00:50]} b4 {[%emt 0:00:59]} 12. Bf4 {[%emt 0:02:07]} a5 {[%emt 0:03:01]} 13. h4 {[%emt 0:02:00]} Ba6 {[%emt 0:00:14]} 14. N1h2 {[%emt 0:12:21]} c4 {[%emt 0:02:59]} 15. Ng4 {[%emt 0:04:14]} Nf5 {[%emt 0:02:01]} 16. Qd2 {[%emt 0:13:05]} b3 {[%emt 0:22:29]} 17. c3 {[%emt 0:09:47]} d4 {[%emt 0:11:46]} 18. Nf6+ {[%emt 0:04:18]} Kh8 {[%emt 0:00:45]} 19. g4 {[%emt 0:01:20]} Rad8 {[%emt 0:05:58]} 20. gxf5 {[%emt 0:04:32]} dxc3 {[%emt 0:00:24]} 21. Qxc3 {[%emt 0:00:47]} Bxf6 {[%emt 0:01:34]} 22. Qc1 {[%emt 0:05:15]} Be7 {[%emt 0:07:55]} 23. f6 {[%emt 0:00:09]} Bb4 {[%emt 0:00:03]} 24. Bh6 {[%emt 0:08:27]} Rg8 {[%emt 0:03:03]} 25. Re4 {[%emt 0:06:11]} c3 {[%emt 0:04:49]} 26. bxc3 {[%emt 0:05:04]} Bxd3 {[%emt 0:00:04]} 27. Bg7+ {[%emt 0:00:20]} Rxg7 {[%emt 0:00:04]} 28. Qh6 {[%emt 0:00:37]} Rdg8 {[%emt 0:01:23]} 29. fxg7+ {[%emt 0:00:20]} Rxg7 {[%emt 0:00:03]} 30. Re3 {[%emt 0:00:46]} b2 {[%emt 0:08:20]} 31. Rae1 {[%emt 0:00:05]} Bxc3 {[%emt 0:01:12]} 32. Rxd3 {[%emt 0:00:04]} Bxe1 {[%emt 0:00:10]} 33. Rd1 {[%emt 0:00:19]} Bc3 {[%emt 0:00:58]} 34. Ng5 {[%emt 0:01:04]} Nxe5 {[%emt 0:06:23]} 35. Nxh7 {[%emt 0:00:57]} Ng4 {[%emt 0:01:45]} 36. Qg5 {[%emt 0:00:05]} Nxf2 {[%emt 0:01:34]} 37. Rf1 {[%emt 0:01:02]} Kxh7 {[%emt 0:00:12]} 38. Kxf2 {[%emt 0:00:06]} Qb6+ {[%emt 0:00:06]} 0-1

[Event "80th ARM-ch 1st League 2019"]
[Site "Yerevan"]
[Date "2019.08.23"]
[Round "6.3"]
[White "Hoghmrtsyan, Artur"]
[Black "Sargsyan, Shant"]
[Result "0-1"]
[WhiteElo "2317"]
[BlackElo "2540"]
[Annotator "ChessBase"]
[PlyCount "76"]
[EventDate "2019.08.18"]
[EventType "tourn"]
[EventCountry "ARM"]
[SourceTitle "playchess.com"]
[Source "ChessBase"]
[SourceQuality "1"]
[TimeControl "40/5400+30:1800+30"]

1. d4 {[%emt 0:00:00]} Nf6 {[%emt 0:01:02]} 2. Nf3 {[%emt 0:00:00]} d5 {[%emt 0:01:47]} 3. c4 {[%emt 0:01:25]} e6 {[%emt 0:00:47]} 4. g3 {[%emt 0:00:37]} Bb4+ {[%emt 0:00:21]} 5. Bd2 {[%emt 0:00:05]} Be7 {[%emt 0:00:13]} 6. Bg2 {[%emt 0:00:06]} O-O {[%emt 0:00:21]} 7. O-O {[%emt 0:00:05]} Nbd7 {[%emt 0:00:34]} 8. Qc2 {[%emt 0:01:59]} c6 {[%emt 0:00:32]} 9. Bf4 {[%emt 0:00:54]} b6 {[%emt 0:01:11]} 10. Nc3 {[%emt 0:12:45]} Ba6 {[%emt 0:01:58]} 11. cxd5 {[%emt 0:07:41]} cxd5 {[%emt 0:00:57]} 12. Qa4 {[%emt 0:03:54]} Bb7 {[%emt 0:03:52]} 13. Ne5 {[%emt 0:14:45]} Nxe5 {[%emt 0:04:00]} 14. Bxe5 {[%emt 0:00:28]} Nd7 {[%emt 0:00:51]} 15. Bf4 {[%emt 0:00:47]} a6 {[%emt 0:00:34]} 16. Rfc1 {[%emt 0:01:14]} b5 {[%emt 0:02:34]} 17. Qd1 {[%emt 0:00:07]} Rc8 {[%emt 0:00:54]} 18. a4 {[%emt 0:03:49]} b4 {[%emt 0:03:34]} 19. Na2 {[%emt 0:00:10]} Bc6 {[%emt 0:10:18]} 20. b3 {[%emt 0:07:41]} Qb6 {[%emt 0:02:22]} 21. Rc2 {[%emt 0:07:36]} f5 {[%emt 0:07:34]} 22. Qd2 {[%emt 0:05:29]} a5 {[%emt 0:02:02]} 23. Nc1 {[%emt 0:04:35]} Bf6 {[%emt 0:05:08]} 24. Be3 {[%emt 0:00:38]} Bb7 {[%emt 0:02:11]} 25. Rxc8 {[%emt 0:07:14]} Rxc8 {[%emt 0:00:15]} 26. Na2 {[%emt 0:00:22]} Ba6 {[%emt 0:06:50]} 27. Rd1 {[%emt 0:01:45]} h6 {[%emt 0:04:10]} 28. f4 {[%emt 0:01:37]} Bd8 {[%emt 0:08:01]} 29. Rc1 {[%emt 0:02:10]} Ra8 {[%emt 0:04:00]} 30. Rc2 {[%emt 0:05:44]} Nf6 {[%emt 0:00:22]} 31. Nc1 {[%emt 0:01:35]} Ne4 {[%emt 0:05:30]} 32. Bxe4 {[%emt 0:01:24]} fxe4 {[%emt 0:00:14]} 33. g4 {[%emt 0:02:59]} Be7 {[%emt 0:03:11]} 34. Bf2 {[%emt 0:00:27]} Rf8 {[%emt 0:01:36]} 35. e3 {[%emt 0:03:24]} g5 {[%emt 0:00:45]} 36. Bg3 {[%emt 0:00:51]} gxf4 {[%emt 0:02:57]} 37. exf4 {[%emt 0:00:22]} e5 {[%emt 0:00:25]} 38. Ne2 {[%emt 0:01:42]} Bxe2 {[%emt 0:00:42]} 0-1

[Event "80th ARM-ch 1st League 2019"]
[Site "Yerevan"]
[Date "2019.08.23"]
[Round "6.4"]
[White "Harutyunian, Tigran K."]
[Black "Baghdasaryan, Vahe"]
[Result "1/2-1/2"]
[WhiteElo "2555"]
[BlackElo "2373"]
[Annotator "ChessBase"]
[PlyCount "132"]
[EventDate "2019.08.18"]
[EventType "tourn"]
[EventCountry "ARM"]
[SourceTitle "playchess.com"]
[Source "ChessBase"]
[SourceQuality "1"]
[TimeControl "40/5400+30:1800+30"]

1. Nf3 {[%emt 0:00:45]} d5 {[%emt 0:00:00]} 2. e3 {[%emt 0:00:42]} Nf6 {[%emt 0:00:28]} 3. c4 {[%emt 0:01:09]} c6 {[%emt 0:00:17]} 4. Nc3 {[%emt 0:00:42]} Nbd7 {[%emt 0:02:10]} 5. cxd5 {[%emt 0:06:19]} cxd5 {[%emt 0:02:07]} 6. d4 {[%emt 0:00:05]} e6 {[%emt 0:02:57]} 7. Bd3 {[%emt 0:00:50]} Bd6 {[%emt 0:00:42]} 8. O-O {[%emt 0:01:11]} O-O {[%emt 0:01:15]} 9. b3 {[%emt 0:13:44]} a6 {[%emt 0:16:14]} 10. Bb2 {[%emt 0:02:25]} b5 {[%emt 0:01:20]} 11. e4 {[%emt 0:05:09]} dxe4 {[%emt 0:02:42]} 12. Nxe4 {[%emt 0:00:12]} Nxe4 {[%emt 0:02:00]} 13. Bxe4 {[%emt 0:00:09]} Rb8 {[%emt 0:00:07]} 14. d5 {[%emt 0:05:04]} exd5 {[%emt 0:23:41]} 15. Qxd5 {[%emt 0:10:48]} Nf6 {[%emt 0:02:14]} 16. Qg5 {[%emt 0:01:16]} h6 {[%emt 0:02:22]} 17. Bxf6 {[%emt 0:01:34]} Qxf6 {[%emt 0:02:22]} 18. Qxf6 {[%emt 0:00:15]} gxf6 {[%emt 0:00:02]} 19. Nd4 {[%emt 0:01:44]} Re8 {[%emt 0:02:55]} 20. Bf3 {[%emt 0:02:14]} Rb6 {[%emt 0:08:13]} 21. Rfe1 {[%emt 0:02:56]} Rxe1+ {[%emt 0:01:50]} 22. Rxe1 {[%emt 0:02:07]} Bd7 {[%emt 0:00:37]} 23. Nc2 {[%emt 0:09:48]} Be5 {[%emt 0:09:34]} 24. Rd1 {[%emt 0:00:20]} Rd6 {[%emt 0:00:24]} 25. Rxd6 {[%emt 0:03:46]} Bxd6 {[%emt 0:00:13]} 26. Kf1 {[%emt 0:00:47]} Bf5 {[%emt 0:01:44]} 27. Ne3 {[%emt 0:01:12]} Bd3+ {[%emt 0:03:22]} 28. Ke1 {[%emt 0:03:55]} Bb1 {[%emt 0:04:14]} 29. Kd2 {[%emt 0:04:58]} a5 {[%emt 0:00:43]} 30. a4 {[%emt 0:03:23]} bxa4 {[%emt 0:00:17]} 31. bxa4 {[%emt 0:00:05]} f5 {[%emt 0:02:34]} 32. h3 {[%emt 0:02:23]} f4 {[%emt 0:00:14]} 33. Nc4 {[%emt 0:03:13]} Bb4+ {[%emt 0:00:39]} 34. Ke2 {[%emt 0:00:07]} Ba2 {[%emt 0:00:25]} 35. Nd2 {[%emt 0:02:03]} Kg7 {[%emt 0:00:45]} 36. Bc6 {[%emt 0:02:15]} Kf6 {[%emt 0:01:01]} 37. Kd3 {[%emt 0:00:28]} Bxd2 {[%emt 0:03:40]} 38. Kxd2 {[%emt 0:00:04]} Ke5 {[%emt 0:00:04]} 39. Kc3 {[%emt 0:07:00]} h5 {[%emt 0:01:00]} 40. f3 {[%emt 0:00:00]} h4 {[%emt 0:00:00]} 41. Bb5 {[%emt 0:03:10]} Kd5 {[%emt 0:09:48]} 42. Bd3 {[%emt 0:00:30]} Kc5 {[%emt 0:00:11]} 43. Be2 {[%emt 0:00:18]} Bb1 {[%emt 0:00:30]} 44. Bd1 {[%emt 0:00:48]} f6 {[%emt 0:00:16]} 45. Be2 {[%emt 0:00:13]} Bf5 {[%emt 0:00:06]} 46. Bd1 {[%emt 0:00:42]} Be6 {[%emt 0:02:25]} 47. Be2 {[%emt 0:00:07]} Bd7 {[%emt 0:00:05]} 48. Bd1 {[%emt 0:00:04]} Bc6 {[%emt 0:00:09]} 49. Bc2 {[%emt 0:00:21]} Bd5 {[%emt 0:00:51]} 50. Bd3 {[%emt 0:00:18]} Ba2 {[%emt 0:00:10]} 51. Be2 {[%emt 0:00:19]} Bb1 {[%emt 0:00:36]} 52. Bd1 {[%emt 0:00:25]} Bf5 {[%emt 0:00:24]} 53. Be2 {[%emt 0:00:07]} Bg6 {[%emt 0:00:04]} 54. Bd1 {[%emt 0:00:23]} Be8 {[%emt 0:00:13]} 55. Bc2 {[%emt 0:00:19]} Bc6 {[%emt 0:00:18]} 56. Bd1 {[%emt 0:00:06]} Bd5 {[%emt 0:00:09]} 57. Be2 {[%emt 0:00:06]} Bb7 {[%emt 0:00:15]} 58. Bd3 {[%emt 0:00:19]} Bc8 {[%emt 0:00:19]} 59. Be2 {[%emt 0:00:14]} Bd7 {[%emt 0:00:08]} 60. Bd1 {[%emt 0:00:06]} Be6 {[%emt 0:00:09]} 61. Be2 {[%emt 0:00:05]} Bd5 {[%emt 0:00:02]} 62. Bd3 {[%emt 0:00:24]} Bc6 {[%emt 0:00:40]} 63. Bc2 {[%emt 0:00:13]} Be8 {[%emt 0:00:09]} 64. Bd1 {[%emt 0:00:09]} Bf7 {[%emt 0:00:07]} 65. Be2 {[%emt 0:00:05]} Bg6 {[%emt 0:00:04]} 66. Bd1 {[%emt 0:00:18]} Bf7 {[%emt 0:00:08]} 1/2-1/2

[Event "80th ARM-ch 1st League 2019"]
[Site "Yerevan"]
[Date "2019.08.23"]
[Round "6.5"]
[White "Harutjunyan, Gevorg"]
[Black "Torosyan, Norayr"]
[Result "1/2-1/2"]
[WhiteElo "2455"]
[BlackElo "2365"]
[Annotator "ChessBase"]
[PlyCount "82"]
[EventDate "2019.08.18"]
[EventType "tourn"]
[EventCountry "ARM"]
[SourceTitle "playchess.com"]
[Source "ChessBase"]
[SourceQuality "1"]
[TimeControl "40/5400+30:1800+30"]

1. e4 {[%emt 0:00:00]} c5 {[%emt 0:00:00]} 2. Nf3 {[%emt 0:00:10]} Nc6 {[%emt 0:00:44]} 3. Bb5 {[%emt 0:00:24]} g6 {[%emt 0:00:13]} 4. Bxc6 {[%emt 0:01:21]} dxc6 {[%emt 0:00:09]} 5. d3 {[%emt 0:00:41]} Bg7 {[%emt 0:00:06]} 6. h3 {[%emt 0:02:00]} Nf6 {[%emt 0:00:20]} 7. Nc3 {[%emt 0:00:35]} Nd7 {[%emt 0:00:16]} 8. Be3 {[%emt 0:02:03]} e5 {[%emt 0:00:09]} 9. Qd2 {[%emt 0:00:18]} h6 {[%emt 0:00:10]} 10. a3 {[%emt 0:03:10]} Qe7 {[%emt 0:03:58]} 11. O-O {[%emt 0:00:43]} Nf8 {[%emt 0:03:13]} 12. b4 {[%emt 0:00:03]} Ne6 {[%emt 0:02:49]} 13. Na4 {[%emt 0:04:39]} b6 {[%emt 0:07:38]} 14. bxc5 {[%emt 0:05:57]} b5 {[%emt 0:00:13]} 15. Nc3 {[%emt 0:06:13]} f5 {[%emt 0:00:24]} 16. exf5 {[%emt 0:05:41]} gxf5 {[%emt 0:00:06]} 17. Qe1 {[%emt 0:00:12]} Bf6 {[%emt 0:14:44]} 18. Bd2 {[%emt 0:05:47]} Rg8 {[%emt 0:08:07]} 19. Kh1 {[%emt 0:02:17]} Nxc5 {[%emt 0:00:09]} 20. Rg1 {[%emt 0:07:33]} Bb7 {[%emt 0:04:43]} 21. Rb1 {[%emt 0:13:55]} O-O-O {[%emt 0:03:36]} 22. Be3 {[%emt 0:03:47]} Ne6 {[%emt 0:12:19]} 23. Bxa7 {[%emt 0:10:42]} c5 {[%emt 0:09:59]} 24. Qe3 {[%emt 0:10:18]} Nd4 {[%emt 0:08:30]} 25. Nxd4 {[%emt 0:06:11]} cxd4 {[%emt 0:01:00]} 26. Qe1 {[%emt 0:00:18]} dxc3 {[%emt 0:02:29]} 27. Rxb5 {[%emt 0:00:20]} Qxa3 {[%emt 0:04:41]} 28. Qe3 {[%emt 0:03:58]} Qd6 {[%emt 0:05:09]} 29. f3 {[%emt 0:04:03]} Bc6 {[%emt 0:02:50]} 30. Bc5 {[%emt 0:00:36]} Qd7 {[%emt 0:02:16]} 31. Ra5 {[%emt 0:00:38]} f4 {[%emt 0:00:34]} 32. Qf2 {[%emt 0:00:32]} Rg3 {[%emt 0:01:03]} 33. Rga1 {[%emt 0:00:04]} Qf5 {[%emt 0:02:43]} 34. Bf8 {[%emt 0:00:58]} Kd7 {[%emt 0:01:07]} 35. Ra7+ {[%emt 0:00:37]} Ke8 {[%emt 0:00:03]} 36. Qc5 {[%emt 0:00:23]} Qxh3+ {[%emt 0:00:58]} 37. gxh3 {[%emt 0:00:10]} Bxf3+ {[%emt 0:00:03]} 38. Kh2 {[%emt 0:00:02]} Rg2+ {[%emt 0:00:11]} 39. Kh1 {[%emt 0:00:03]} Rg3+ {[%emt 0:01:10]} 40. Kh2 {[%emt 0:00:00]} Rg2+ {[%emt 0:00:00]} 41. Kh1 {[%emt 0:00:14]} Rg3+ {[%emt 0:01:54]} 1/2-1/2